| 000 | 00923cam a22002174a 4500 | ||
|---|---|---|---|
| 005 | 20250605164259.0 | ||
| 008 | 250528s ||||||||||||||||||||||||d | ||
| 035 | _a22006 | ||
| 020 | _a9789602184349 | ||
| 040 |
_aGR-AtMCL _bgre _dGR-AtMCL _eAACR2 |
||
| 245 | 1 | _aΣΤΡΑΤΗΓΙΚΗ ΔΙΟΙΚΗΣΗ ΕΠΙΧΕΙΡΗΣΕΩΝ | |
| 250 | _a2 | ||
| 260 |
_bΚριτική, _c2005 |
||
| 300 | _a356 | ||
| 505 | 0 | _aΣΤΡΑΤΗΓΙΚΗ ΔΙΟΙΚΗΣΗ ΑΠΟΦΑΣΕΙΣ ΛΗΨΗ ΑΠΟΦΑΣΕΩΝ ΑΝΤΑΓΩΝΙΣΜΟΣ ΕΞΩΤΕΡΙΚΟ ΠΕΡΙΒΑΛΛΟΝ ΣΤΡΑΤΗΓΙΚΗ ΑΝΑΛΥΣΗ | |
| 520 | _aΣΤΡΑΤΗΓΙΚΗ ΔΙΟΙΚΗΣΗ ΑΠΟΦΑΣΕΙΣ ΛΗΨΗ ΑΠΟΦΑΣΕΩΝ ΑΝΤΑΓΩΝΙΣΜΟΣ ΕΞΩΤΕΡΙΚΟ ΠΕΡΙΒΑΛΛΟΝ ΣΤΡΑΤΗΓΙΚΗ ΑΝΑΛΥΣΗ | ||
| 700 | 1 |
_aΘεριου Νικολαος Δρ _97878 |
|
| 942 | _cBK | ||
| 999 |
_c7062 _d7062 |
||